Every Song by Death - Statistics

General Stats
  • This quiz has been taken 17 times
  • The average score is 19 of 64
Answer Stats
Album Song % Correct
Symbolic(1995) Symbolic
100%
Leprosy(1988) Leprosy
89%
Leprosy(1988) Pull the Plug
89%
Scream Bloody Gore(1987) Scream Bloody Gore
78%
The Sound of Perseverance(1998) Spirit Crusher
78%
Scream Bloody Gore(1987) Zombie Ritual
78%
Symbolic(1995) Crystal Mountain
67%
Individual Thought Patterns(1993) Individual Thought Patterns
67%
Spiritual Healing(1990) Spiritual Healing
67%
Individual Thought Patterns(1993) The Philosopher
67%
Scream Bloody Gore(1987) Evil Dead
56%
The Sound of Perseverance(1998) Scavenger of Human Sorrow
56%
The Sound of Perseverance(1998) Voice of the Soul
56%
Symbolic(1995) 1,000 Eyes
44%
The Sound of Perseverance(1998) Flesh and the Power It Holds
44%
The Sound of Perseverance(1998) Bite the Pain
33%
Symbolic(1995) Empty Words
33%
Scream Bloody Gore(1987) Infernal Death
33%
Human(1991) Lack of Comprehension
33%
Spiritual Healing(1990) Living Monstrosity
33%
Scream Bloody Gore(1987) Mutilation
33%
Scream Bloody Gore(1987) Sacrificial
33%
Human(1991) Suicide Machine
33%
The Sound of Perseverance(1998) To Forgive is to Suffer
33%
Symbolic(1995) Without Judgement
33%
Symbolic(1995) Zero Tolerance
33%
Scream Bloody Gore(1987) Baptized in Blood
22%
Scream Bloody Gore(Bonus)(1987) Beyond the Unholy Grave
22%
Leprosy(1988) Born Dead
22%
Human(1991) Flattening of Emotions
22%
Spiritual Healing(1990) Genetic Reconstruction
22%
Spiritual Healing(1990) Killing Spree
22%
Leprosy(1988) Left to Die
22%
Spiritual Healing(1990) Low Life
22%
Symbolic(1995) Misanthrope
22%
Leprosy(1988) Open Casket
22%
Symbolic(1995) Perennial Quest
22%
Scream Bloody Gore(1987) Regurgitated Guts
22%
The Sound of Perseverance(1998) Story to Tell
22%
Human(1991) Together as One
22%
Scream Bloody Gore(1987) Torn to Pieces
22%
Spiritual Healing(1990) Altering the Future
11%
The Sound of Perseverance(1998) A Moment of Clarity
11%
Leprosy(1988) Choke on It
11%
Human(1991) Cosmic Sea
11%
Spiritual Healing(1990) Defensive Personalities
11%
Scream Bloody Gore(1987) Denial of Life
11%
Individual Thought Patterns(1993) Destiny
11%
Scream Bloody Gore(Bonus)(1987) Do You Love Me?
11%
Leprosy(1988) Forgotten Past
11%
Individual Thought Patterns(1993) Jealousy
11%
Scream Bloody Gore(Bonus)(1987) Land of No Return
11%
Individual Thought Patterns(1993) Overactive Imagination
11%
Leprosy(1988) Primitive Ways
11%
Symbolic(1995) Sacred Serenity
11%
Individual Thought Patterns(1993) Trapped in a Corner
11%
Human(1991) Vacant Planets
11%
Spiritual Healing(1990) Within the Mind
11%
Individual Thought Patterns(1993) In Human Form
0%
Individual Thought Patterns(1993) Mentally Blind
0%
Individual Thought Patterns(1993) Nothing is Everything
0%
Individual Thought Patterns(1993) Out of Touch
0%
Human(1991) Secret Face
0%
Human(1991) See Through Dreams
0%
No matching quizzes found
Score Distribution
Percent of People with Each Score
Percentile by Number Answered
Your Score History
You have not taken this quiz